000 00904cad a22002295a 4500
001 L155195
008 120309s2012 xxk f l s000 0 eng d
035 _a(Sirsi) u155195
041 0 _aeng
110 2 _aUnited Kingdom
_kLaws, etc
_95044
245 0 4 _aThe Control of Asbestos Regulations 2012
_h[electronic resource]
260 _aLondon
_bHM Government
_c2012
490 0 _aStatutory Instrument
_v2012: 632
520 _aThe Regulations will comply with the European Commission after they found that the previous asbestos regulations had not fully implemented the relevant Directive.
520 _aCame into force 6 April 2012.
521 _aAdvanced
590 _aKA NTK
651 4 _aUnited Kingdom
_y
690 _aHealth and safety
_96244
856 4 0 _uhttps://www.legislation.gov.uk/uksi/2012/632/made
_zView the statutory instrument free of charge at www.legislation.gov.uk
942 _n0
999 _c113386
_d113386